|
|
|
|
| LEADER |
00670cam a2200193 7i4500 |
| 001 |
0000015246 |
| 005 |
20050409090000.0 |
| 090 |
0 |
0 |
|a S 332.678
|b MAL MAT 332.678 MAL
|
| 110 |
2 |
0 |
|a Malaysia External Trade Development Corporation [MATRADE]
|
| 245 |
2 |
0 |
|a Country Briefing on "Nigeria, Morocco & Senegal" [22 February 2005 : Kuala Lumpur, MATRADE Hall, 14th Floor, Wisma Sime Darby].
|
| 260 |
0 |
0 |
|a Kuala Lumpur:
|b MATRADE,
|c 2005.
|
| 300 |
# |
# |
|a [v.p].
|
| 650 |
0 |
0 |
|a Business
|
| 650 |
0 |
0 |
|a Foreign trade promotion
|
| 650 |
0 |
0 |
|a Investment
|
| 651 |
0 |
0 |
|a Morocco
|
| 651 |
0 |
0 |
|a Nigeria
|
| 651 |
0 |
0 |
|a Senegal
|
| 999 |
|
|
|a 0000016962
|b Book
|c Seminar Papers
|e Business Information Centre
|